00467nam a2200157Ia 4500003000400000008004100004040001600045082001600061100002100077245007500098700002100173260005300194300000800247650002400255650003000279GCL140319s9999 xx 000 0 eng d aGCL / cGCL04a300.72bR B1 aRESNOW, RELPH L.10aBEGINING BEHAVIORAL RESEARCH: A CONCEPTUAL PRIMER / cRESNOW, RELPH L.1 aROSETHAL, ROBERT a[S.N] : bMACMILLAN PUBLISHING COMPANY ، c1993 a40704aPSYCHOLOGY RESEARCH04aSOCIAL SCIENCE - RESEARCH